000 02030 a2200241 4500
003 Nust
005 20170207154021.0
010 _a 2002156230
020 _a1931777446 (pbk.)
040 _cNust
082 0 0 _a005.1
100 1 _aFavre, Liliana.
245 1 0 _aUML and the unified process (E-BOOK)
_cLiliana Favre.
260 _aHershey, Pa. :
_bIRM Press,
_cc2003.
300 _axi, 402 p. :
_bill. ;
_c26 cm.
505 _aChapter I. Evaluating UML Using a Generic Quality Framework 1 Chapter II. A Generic Framework for Defining Domain-Specific Models 23 Chapter III. On the Application of UML to Designing On-line Business Model. 39 Chapter IV. Specification of Business Components Using Temporal OCL 48 Chapter V. Negotiating Early Reuse of Components – A Model-Based Analysis 66 Chapter VI. Enhancing RUP Business Model with Client-Oriented Requirements Models 80 Chapter VII. Introducing Non-functional Requirements in UML 116 Chapter VIII. Formalizing UML Class Diagrams . 129 Chapter IX. Forward Engineering and UML: From UML Static Models to Eiffel Code. 199 Chapter X. Transforming UML Class Diagrams into Relational Data Models 217 Chapter XI. Specification and Checking of Dependency Relations between UML Models 237 Chapter XII. Info-Mathics – The Mathematical Modeling of Information Systems 254 Chapter XIII. Use of UML Stereotypes in Business Models 262 Chapter XIV. Extension to UML Using Stereotypes 273 Chapter XV. An Extension to a UML Activity Graph from Workflow 294 Chapter XVI. Business Processes in UML 315 Chapter XVII. The CORAS Methodology: Model-based Risk Assessment Using UMLandUP 332 Chapter XVIII. Towards a UML Profile for Building on Top of Running Software 358 Chapter XIX. A RUP-Based Software Process Supporting Progressive Implementation 375
650 0 _aApplication software
_xDevelopment.
650 0 _aComputer software
_xDevelopment.
650 0 _aSoftware engineering.
650 0 _aUML (Computer science)
650 0 _aWeb site development.
651 _aE-BOOK
942 _2ddc
_cBK
999 _c191683
_d191683